Integración económica: supuestos teóricos y consecuencias de la unificación europea

Kaydedildi:
Detaylı Bibliyografya
Asıl Yazarlar: Sannwald, Rolf (Yazar), Stohler, Jacques (Yazar)
Materyal Türü: Kitap
Dil:İspanyolca
Baskı/Yayın Bilgisi: Ciudad de México CEMLA 1959
Seri Bilgileri:Integración Económica Latinoamericana
Konular:
Etiketler: Etiketle
Etiket eklenmemiş, İlk siz ekleyin!

MARC

LEADER 00000nam a2200000 a 4500
001 UCT8580
003 CL-VaPUC
008 970326e19590000MX |||||||||||||||||spa|d
082 0 4 |a 337.1  |b SAN  |2 21 
100 0 |a Sannwald, Rolf  |e author  |9 380373 
700 0 |a Stohler, Jacques  |e author  |9 380374 
245 1 0 |a Integración económica: supuestos teóricos y consecuencias de la unificación europea 
300 |a 220 p 
942 |c BK 
945 |d 19970326 00:00:00  |a paguirre 
260 |a Ciudad de México  |b CEMLA  |c 1959 
650 0 |a Integración económica  |9 255024 
650 0 |a Integración regional  |9 376371 
650 0 |a Libre comercio  |9 323018 
650 7 |a SISTEMAS MONETARIOS  |2 CL-VaPUC  |9 342366 
650 0 |a Política económica   |9 255029 
650 0 |a Política fiscal  |9 317354 
650 0 |a Capital   |9 263726 
583 |a last modification  |c 19970326 00:00:00  |k Rodrigo Vera 
490 0 |a Integración Económica Latinoamericana 
999 |c 257069  |d 257067 
952 |0 0  |1 0  |4 0  |6 337_100000000000000_SAN_1959  |7 0  |8 A  |9 280306  |a BIBDER  |b BIBDER  |d 2019-11-19  |i 1813277  |o 337.1 SAN 1959  |p 1813277  |r 2023-01-25  |w 2019-11-19  |y BK  |k DER